PDC World Darts Championship Winners - Statistics

General Stats
  • This quiz has been taken 53 times
    9 since last reset
  • The average score is 11 of 13
Answer Stats
No. of Titles Answer % Correct
1 Luke Humphries
100%
1 Luke Littler
100%
14 Phil Taylor
100%
1 Gerwyn Price
89%
3 Michal van Gerwen
89%
1 Rob Cross
89%
2 Adrian Lewis
78%
2 Gary Anderson
78%
2 John Part
78%
1 Michael Smith
78%
2 Peter Wright
78%
1 Dennis Priestley
56%
1 Raymond van Barneveld
56%
No matching quizzes found
Score Distribution
Percent of People with Each Score
Percentile by Number Answered
Your Score History
You have not taken this quiz since the last reset